000 00516nam a22001937a 4500
003 OSt
005 20160426120418.0
008 160426b xxu||||| |||| 00| 0 eng d
020 _a0333778294
040 _cDDC.
082 _a301SOC 2001.
100 _aJack Damaine.
_98293
245 _aSociology of education today.
260 _aLondon.
_bPalgrave Publishers ltd.
_c2001.
300 _axiii,259p;
_bill;
_c23cm.
504 _aincludes index and bibliography.
650 _aSociology.
_92259
942 _2ddc
_cSLOAN
999 _c3763
_d3763